Responses for show #1950 - Friday, February 12, 1993

Contestants

Brendan Beary, a computer scientist from Ambler, Pennsylvania

Beth Jackson, a systems supervisor originally from Baltimore, Maryland

Susie Macksey, a stand-up comic from Cambridge, Massachusetts (whose 2-day cash winnings total $16,700)

Jeopardy! Round responses

WORLD TRAVEL
PLANTS & TREES
FAMOUS MILLERS
MUSICAL INSTRUMENTS
BOUNCE
ANIMAL RHYME TIME
    $100 1
Dallas

Brendan
    $100 4
nectarines

Triple Stumper
    $100 5
Mitch

Susie
    $100 10
the clavichord

Susie
    $100 22
dribble

Brendan
    $100 14
a doe foe

Beth
    $200 2
(Susie: What is... Windsor Castle?)
...
(Alex: Yes, he was the first Duke of Buckingham.)

Buckingham Palace

SusieBeth
    $200 27
(Susie: What is a rose?)

an orchid

SusieBeth
    $200 6
Glenn Miller

Beth
    $200 11
the tusk

Brendan
    $200 23
a trampoline

Susie
    $200 15
a drunk skunk

Brendan
    $300 3
Copenhagen

Brendan
    $300 28
birch

Susie
    $300 7
Ann Miller

Beth
    $300 19
a fife

Susie
    $300 24
(Susie: What is jai alai?)
(Brendan: What is golf?)
...
(Alex: A golf ball would probably bounce higher than that; we're going for [*] balls.)

tennis

SusieBrendan
Triple Stumper
    $300 16
a blue ewe

Brendan
    $400 12
Deerborn

Beth
    $400 29
Valencia

Brendan
    $400 8
Henry Miller

Triple Stumper
    $400 20
bamboo

Brendan
    $400 25
(Susie: What are torpedoes?)

cannonballs

SusieBeth
    $400 17
a silly filly

Susie
    $1,000 13
Prague (Czechoslovakia)

Beth
    $500 30
the anther

Triple Stumper
    $500 9
Jonathan Miller

Triple Stumper
    $500 21
Tchaikovsky

Beth
    $500 26
sonar

Susie
    $500 18
a smitten kitten

Beth

Scores at the first commercial break (after clue 13):

Susie Beth Brendan
$0 $2,100 $600

Scores at the end of the Jeopardy! Round:

Susie Beth Brendan
$800 $3,800 $1,700

Double Jeopardy! Round responses

THE 20th CENTURY
LITERARY QUOTES
FIRST LADIES
THEATRES
BUSINESS & INDUSTRY
ARTISTS
    $200 6
Teapot Dome

Susie
    $200 1
a dagger

Susie
    $200 11
Mary Todd Lincoln

Beth
    $200 16
the Apollo

Brendan
    $200 21
Van Gogh

Brendan
    $400 7
Mussolini

Susie
    $400 2
love

Brendan
    $400 12
Mamie Eisenhower

Brendan
    $400 17
Minneapolis

Susie
    $400 22
Rockwell

Susie
    $600 8
(Brendan: What is China?)

Chiang Kai-shek

BethBrendan
    $600 3
April

Susie
    $600 13
Martha Washington

Beth
    $600 18
Lunt & Fontanne

Susie
    $600 28
[The end-of-round signal sounds as Brendan was calling for the $400 clue.]

fiber glass (glass fiber)

Brendan
    $600 23
Gainsborough

Brendan
    $800 9
the International Monetary Fund

Susie
    $800 4
(Edgar Allen) Poe

Susie
    $800 14
Rosalynn Carter

Brendan
    $800 19
(Brendan: What is Macabre?)

Grand Guignol

Brendan
Triple Stumper
    $800 27
(Susie: Who is Maxwell?)

(Rupert) Murdoch

SusieBeth
    $1,000 24
(Brendan: I have no idea.)

James Whistler

Brendan
    $1000 10
(Brendan: What is Mars?)

Venus

BethBrendan
    $1000 5
Moliere

Susie
    $1000 15
Dolley Madison

Susie
    $1000 20
straw hat

Triple Stumper
    $500 26
(Brendan: What is France?)

the Netherlands

Brendan
    $1000 25
(Susie: Who is Michelangelo?)
...
(Alex: Brendan, less than a minute to go.)

Leonardo da Vinci

Susie
Triple Stumper

Scores at the end of the Double Jeopardy! Round:

Susie Beth Brendan
$5,400 $7,000 $1,000

[wagering suggestions for these scores]

Final Jeopardy! Round responses

FASHION HISTORY
BrendanWho was Beau Brummel
$999
SusieWho is Beau Brummel?
$5,000
BethWho was Chanel?
$3,801
Beau Brummel

Final scores:

Susie Beth Brendan
$10,400 $3,199 $1,999
3-day champion: $27,100 2nd place: trip on Delta to Jacksonville with stay at Marriott Sawgrass 3rd place: Service Merchandise gift certificate & Wheel of Fortune + Jeopardy! for Super Nintendo + Sega Genesis

Game dynamics:

Coryat scores:

Susie Beth Brendan
$5,400 $6,500 $2,500
18 R,
6 W
15 R
(including 1 DD),
0 W
15 R,
6 W
(including 2 DDs)

Combined Coryat: $14,400

The J! Archive is created by fans, for fans. The Jeopardy! game show and all elements thereof, including but not limited to copyright and trademark thereto, are the property of Jeopardy Productions, Inc. and are protected under law. This website is not affiliated with, sponsored by, or operated by Jeopardy Productions, Inc. Join the discussion at JBoard.tv.